<?xml version="1.0" encoding="UTF-8"?><?xml-stylesheet type="text/xsl" href="static/style.xsl"?><OAI-PMH xmlns="http://www.openarchives.org/OAI/2.0/" xmlns:xsi="http://www.w3.org/2001/XMLSchema-instance" xsi:schemaLocation="http://www.openarchives.org/OAI/2.0/ http://www.openarchives.org/OAI/2.0/OAI-PMH.xsd"><responseDate>2026-04-13T01:26:06Z</responseDate><request verb="GetRecord" identifier="oai:www.recercat.cat:2072/97055" metadataPrefix="marc">https://recercat.cat/oai/request</request><GetRecord><record><header><identifier>oai:recercat.cat:2072/97055</identifier><datestamp>2024-12-13T11:01:01Z</datestamp><setSpec>com_2072_96859</setSpec><setSpec>com_2072_96858</setSpec><setSpec>com_2072_96852</setSpec><setSpec>com_2072_2015</setSpec><setSpec>col_2072_96860</setSpec></header><metadata><record xmlns="http://www.loc.gov/MARC21/slim" xmlns:dcterms="http://purl.org/dc/terms/" xmlns:xsi="http://www.w3.org/2001/XMLSchema-instance" xmlns:doc="http://www.lyncode.com/xoai" xsi:schemaLocation="http://www.loc.gov/MARC21/slim http://www.loc.gov/standards/marcxml/schema/MARC21slim.xsd">
   <leader>00925njm 22002777a 4500</leader>
   <datafield ind2=" " ind1=" " tag="042">
      <subfield code="a">dc</subfield>
   </datafield>
   <datafield ind2=" " ind1=" " tag="720">
      <subfield code="a">Waksberg Guerrini, Ana</subfield>
      <subfield code="e">author</subfield>
   </datafield>
   <datafield ind2=" " ind1=" " tag="520">
      <subfield code="a">En l'última dècada, les administracions públiques han fet un esforç especial per desenvolupar portals d'administració i oferir serveis en línia. L'objectiu d'aquest article és crear un marc teòric i analític per a investigar els efectes dels nous canals d'interacció basats en la tecnologia entre els governs i els ciutadans en l'estructura organitzativa i les dinàmiques de les administracions públiques i, finalment, en el lliurament de serveis. També assenyala possibles enfocaments metodològics que podrien resultar útils en la recerca futura sobre aquest tema.</subfield>
   </datafield>
   <datafield ind2=" " ind1=" " tag="520">
      <subfield code="a">En la última década, las administraciones públicas han hecho un esfuerzo especial para desarrollar portales de administración y ofrecer servicios en línea. El objetivo de este artículo es la creación de un marco teórico y analítico para investigar los efectos de los canales de interacción basados en la tecnología entre los gobiernos y los ciudadanos en la estructura organizativa y las dinámicas de las administraciones públicas y, finalmente, en la entrega de servicios. También señala posibles enfoques metodológicos que podrían ser útiles en la investigación futura sobre esta cuestión.</subfield>
   </datafield>
   <datafield ind2=" " ind1=" " tag="520">
      <subfield code="a">During the last decade public administrations have placed special effort into developing government portals and offering online services. The aim of this paper is to set up a theoretical and analytical framework to investigate the effects of the new technological-based channels of interaction between governments and citizens on the organisational structure and dynamics of public administrations and ultimately on service delivery. It also points towards possible methodological approaches that might prove useful in future research on the subject.</subfield>
   </datafield>
   <datafield ind1="8" ind2=" " tag="024">
      <subfield code="a">http://hdl.handle.net/10609/1276</subfield>
   </datafield>
   <datafield tag="653" ind2=" " ind1=" ">
      <subfield code="a">Internet in public administration</subfield>
   </datafield>
   <datafield tag="653" ind2=" " ind1=" ">
      <subfield code="a">Public administration</subfield>
   </datafield>
   <datafield tag="653" ind2=" " ind1=" ">
      <subfield code="a">Organizational change</subfield>
   </datafield>
   <datafield tag="653" ind2=" " ind1=" ">
      <subfield code="a">Administració electrònica</subfield>
   </datafield>
   <datafield tag="653" ind2=" " ind1=" ">
      <subfield code="a">Administració pública</subfield>
   </datafield>
   <datafield tag="653" ind2=" " ind1=" ">
      <subfield code="a">Canvi organitzatiu</subfield>
   </datafield>
   <datafield tag="653" ind2=" " ind1=" ">
      <subfield code="a">Internet en la administración pública</subfield>
   </datafield>
   <datafield tag="653" ind2=" " ind1=" ">
      <subfield code="a">Administración pública</subfield>
   </datafield>
   <datafield tag="653" ind2=" " ind1=" ">
      <subfield code="a">Cambio organizativo</subfield>
   </datafield>
   <datafield ind2="0" ind1="0" tag="245">
      <subfield code="a">E-Government and Online Government-Citizen Interaction</subfield>
   </datafield>
</record></metadata></record></GetRecord></OAI-PMH>